000 01337nam a22002537 4500
999 _c1131
_d1131
003 AR-BaISA
005 20221005104003.0
007 ta
008 221004s2007 ag abdo| |||| 000 0 spa d
020 _a9789879625675
040 _bspa
_cAR-BaISA
082 0 4 _222
_a631.8 P94
245 0 0 _aLa problemática de los agroquímicos y sus envases, su incidencia en la salud de los trabajadores, la población expuesta y el ambiente:
_bestudio colaborativo multicéntrico
260 _aBuenos Aires:
_bSecretaría de Ambiente y Desarrollo Sustentable,
_c2007
300 _a309 p.:
_bil., fotos, gráfs., tablas
500 _aPublicación realizada en conjunto con la Organización Panamericana de la Salud (OPS) y la Asociación Argentina de Médicos por el Medio Ambiente (AAMMA).
504 _aBibliografía al final de cada capítulo.
505 _tRegión Zona Hortícola Buenos Aires --
_tProvincia de Catamarca --
_tProvincia de Jujuy --
_tRegión Mesopotámica. Provincia de Misiones --
_tProvincia de Río Negro y Provincia de Neuquén --
_tNorte de la Provincia de Santa Fé, Provincia de Chaco, Provincia de Santiago del Estero --
_tProvincia de Santa Fé Sur
650 1 0 _92577
_aAgroquímicos
650 1 0 _92578
_aSalud ambiental
650 1 0 _91806
_aPolítica ambiental
650 1 0 _91808
_aMedio ambiente
942 _2ddc
_cLI
_e22